000 00224 a2200097 4500
001 1556
100 _aHarrold, M.A
245 _aAircraft shet metal coustruction and repairs
260 _a
_bF.J Wrake
_c
090 _c1095
_d1095
942 _aNUST-CAE
_cM
_c1058
999 _c236629
_d236629